<?xml version="1.0" encoding="UTF-8"?>
<record
    xmlns:xsi="http://www.w3.org/2001/XMLSchema-instance"
    xsi:schemaLocation="http://www.loc.gov/MARC21/slim http://www.loc.gov/standards/marcxml/schema/MARC21slim.xsd"
    xmlns="http://www.loc.gov/MARC21/slim">

  <leader>00783nam a2200217 i 4500</leader>
  <controlfield tag="001">44743</controlfield>
  <controlfield tag="003">ES-MaACL</controlfield>
  <controlfield tag="005">20260617125144.0</controlfield>
  <controlfield tag="007">t|</controlfield>
  <controlfield tag="008">030324s1952    sp           ||||1| spa d</controlfield>
  <datafield tag="100" ind1=" " ind2=" ">
    <subfield code="a">Claudel, Paul,</subfield>
    <subfield code="d">1868-1955</subfield>
    <subfield code="9">239252</subfield>
  </datafield>
  <datafield tag="245" ind1="1" ind2="0">
    <subfield code="a">Correspondencia</subfield>
    <subfield code="b">: 1899-1926 /</subfield>
    <subfield code="c">Paul Claudel y Andr&#xE9; Gide ; pr&#xF3;logo y notas de Robert Mallet ; [traducci&#xF3;n del franc&#xE9;s por J. Ferr&#xE1;n Mayoral].</subfield>
  </datafield>
  <datafield tag="250" ind1=" " ind2=" ">
    <subfield code="a">1&#xAA; ed.</subfield>
  </datafield>
  <datafield tag="260" ind1=" " ind2=" ">
    <subfield code="a">Barcelona :</subfield>
    <subfield code="b">Jos&#xE9; Jan&#xE9;s,</subfield>
    <subfield code="c">1952 (</subfield>
    <subfield code="f">La Acad&#xE9;mica)</subfield>
  </datafield>
  <datafield tag="300" ind1=" " ind2=" ">
    <subfield code="a">336 p. :</subfield>
    <subfield code="b">2 retr. aut. ;</subfield>
    <subfield code="c">22 cm.</subfield>
  </datafield>
  <datafield tag="700" ind1="1" ind2=" ">
    <subfield code="a">Gide, Andr&#xE9;,</subfield>
    <subfield code="d">1869-1951</subfield>
    <subfield code="9">56674</subfield>
  </datafield>
  <datafield tag="700" ind1="1" ind2=" ">
    <subfield code="a">Ferr&#xE1;n Mayoral, J.</subfield>
    <subfield code="9">50247</subfield>
  </datafield>
  <datafield tag="700" ind1="1" ind2=" ">
    <subfield code="a">Mallet, Robert,</subfield>
    <subfield code="d">1915-2002</subfield>
    <subfield code="9">75804</subfield>
  </datafield>
  <datafield tag="852" ind1=" " ind2=" ">
    <subfield code="a">ES-MaACL</subfield>
    <subfield code="j">D-7762</subfield>
    <subfield code="b">R.32023</subfield>
  </datafield>
  <datafield tag="999" ind1=" " ind2=" ">
    <subfield code="c">44743</subfield>
    <subfield code="d">44743</subfield>
  </datafield>
  <datafield tag="952" ind1=" " ind2=" ">
    <subfield code="0">0</subfield>
    <subfield code="1">0</subfield>
    <subfield code="4">0</subfield>
    <subfield code="7">0</subfield>
    <subfield code="a">ATENEOM</subfield>
    <subfield code="b">ATENEOM</subfield>
    <subfield code="c">SVI</subfield>
    <subfield code="d">2008-01-17</subfield>
    <subfield code="e">SC</subfield>
    <subfield code="l">0</subfield>
    <subfield code="o">D-7762</subfield>
    <subfield code="p">901047090</subfield>
    <subfield code="r">2023-02-23 00:00:00</subfield>
    <subfield code="w">2023-02-23</subfield>
    <subfield code="y">MONOGRAFIA</subfield>
  </datafield>
</record>
